Statistics for Top 15 Countries with Covid-19 Cases - 1 October 2022

Click here to take the quiz!

General Stats

  • This quiz has been taken 17 times
  • The average score is 17 of 28

Answer Stats

country% Correct
France
100%
Italy
100%
Russia
100%
United States
100%
Brazil
94%
Germany
94%
Spain
94%
United Kingdom
94%
Australia
88%
India
88%
Japan
75%
Netherlands
69%
Austria
63%
Portugal
63%
Turkey
63%
Argentina
56%
Switzerland
56%
Vietnam
56%
South Korea
50%
Greece
44%
Denmark
38%
Slovenia
38%
Israel
25%
Estonia
13%
Latvia
13%
Lithuania
13%
Cyprus
6%
Georgia
6%

Score Distribution

Percentile by Number Answered

Percent of People with Each Score

Your Score History

You have not taken this quiz